000 00451nam a22001937a 4500
003 LK-CoDNM
005 20240927103642.0
008 240926b |||||||| |||| 00| 0 eng d
040 _aLK-CoDNM
_dLK-CoDNM
_eLK-CoDNM
041 _atam
080 _aT
_bA06
100 _aSilva,S.F.D
245 _aஉலகம்
246 _aUlagam
250 _a1st
260 _aColombo
_bApothikkarish Company
_c1955
300 _a364p ; 21cm
942 _cBK
999 _c152833
_d152833